Star Wars Characters- The Sequels - Statistics

General Stats
  • This quiz has been taken 73 times
  • The average score is 20 of 28
Answer Stats
Hint Answer % Correct
First Order Stormtrooper Defector Finn
96%
Resistance Hero & Smuggler Han Solo
96%
Resistance Leader Leia Organa Solo
96%
Scavenger turned jedi Rey (Palpatine)
96%
Jedi Grand Master (Force Ghost) Yoda
95%
Resistance Droid owned by Above BB-8
93%
Resistance Hero & Smuggler BFF Chewbacca
91%
Sith & Leader of the First Order Kylo Ren
91%
Resistance General & Pilot Poe Dameron
91%
Jedi Master (Later Force Ghost) Luke Skywalker
89%
Secret Leader & Creator of Above Sheev Palpatine
89%
Supreme Leader of the First Order Snoke
86%
Protocol Droid C-3PO
84%
First Order General & Resistance Spy General Hux
84%
Astromech Droid R2-D2
84%
First Order Stormtrooper with Chrome Captain Phasma
77%
Resistance Maintenance Worker Rose Tico
63%
Vice Admiral in the Resistance Vice Admiral Holdo
61%
Owner of a Castle & Resistance Ally Maz Kanata
60%
Rebel/Resistance Admiral Admiral Ackbar
54%
Jakku Junk Boss Unkar Plutt
51%
Droid owned by Ochi of Bestoon D-O
44%
Girl First Order Stormtrooper Defector Jannah
39%
Droidsmith & Resistance Ally Babu Frik
37%
Smuggler & Traitor to the Resistance DJ
37%
Rebel/Resistance Hero & Administrator Lando Calrissian
37%
Rebel/Resistance Pilot Wedge Antilles
37%
Jakku Scavenger & Rey's Rival Teedo
32%
No matching quizzes found
Score Distribution
Percent of People with Each Score
Percentile by Number Answered
Your Score History
You have not taken this quiz